<?xml version="1.0" encoding="UTF-8"?>
<collection xmlns="http://www.loc.gov/MARC21/slim">
    <record>
        <controlfield tag="001">6498</controlfield>
        <controlfield tag="005">20170831220337.0</controlfield>
        <datafield tag="037" ind1=" " ind2=" ">
            <subfield code="a">TAZ-TFM-2011-075</subfield>
        </datafield>
        <datafield tag="041" ind1=" " ind2=" ">
            <subfield code="a">spa</subfield>
        </datafield>
        <datafield tag="100" ind1="1" ind2=" ">
            <subfield code="a">Acevedo García, Luis Enrique</subfield>
        </datafield>
        <datafield tag="245" ind1="0" ind2="0">
            <subfield code="a">Modelado de un horno de fundición de aluminio mediante plasma</subfield>
        </datafield>
        <datafield tag="260" ind1=" " ind2=" ">
            <subfield code="a">Zaragoza</subfield>
            <subfield code="b">Universidad de Zaragoza</subfield>
            <subfield code="c">2011</subfield>
        </datafield>
        <datafield tag="506" ind1=" " ind2=" ">
            <subfield code="a">by-nc-sa</subfield>
            <subfield code="b">Creative Commons</subfield>
            <subfield code="c">3.0</subfield>
            <subfield code="u">http://creativecommons.org/licenses/by-nc-sa/3.0/</subfield>
        </datafield>
        <datafield tag="520" ind1=" " ind2=" ">
            <subfield code="a">El objetivo del proyecto es realizar una simulacion numerica de un proceso de fundicion de aluminio con dos tecnologias distintas (combustion de gas propano e ionizacion de gas nitrogeno, plasma) para realizar una comparacion de los consumos energeticos obtenidos, proporcionar criterios de optimizacion de los procesos y reducir el numero de pruebas fisicas, que al mismo tiempo implica la reduccion de costes de operacion en etapa de pruebas. Se emplea un modelo de transferencia de calor unidimensional con el que se simulan las caracteristicas termicas de un horno de fundicion de aluminio mediante combustion de gas propano y con una antorcha de plasma. El modelo empleado simula la camara de combustion, el comportamiento del plasma, y la conduccion de calor transitoria de las paredes del horno, asi como la carga metalica a fundir. Las ecuaciones se resuelven numericamente mediante guiones realizados en MATLAB. El  modelo matematico distingue entre dos tipos de horno: horno cilindrico de gas y horno cilindrico de plasma. La simulacion termica del horno, tras la fusion del aluminio, tiene como salida el perfil de temperatura que se obtiene en paredes, techo y metal, tambien arroja resultados sobre la energia consumida, los tiempos de operacion del horno, asi como los balances de energia y exergia que permite evaluar las perdidas de calidad de la energia. Con esta simulacion se comprueba que un sistema de fundicion de aluminio mediante la aplicacion de plasma es mas eficiente que un sistema convencional de gas. Un horno convencional consume 52.6% mas que un horno de plasma. Se encontro una diferencia en eficiencia de 10%. La investigacion demuestra que tecnologias como el plasma tienen una gran aplicacion en el campo de la ingenieria y, que con los analisis energetico y exergetico, pueden asegurar la sostenibilidad de dichas tecnologias con respecto al consumo de energia.</subfield>
        </datafield>
        <datafield tag="521" ind1=" " ind2=" ">
            <subfield code="a">Máster Universitario en Energías Renovables y Eficiencia Energética</subfield>
        </datafield>
        <datafield tag="540" ind1=" " ind2=" ">
            <subfield code="a">Derechos regulados por licencia Creative Commons</subfield>
        </datafield>
        <datafield tag="653" ind1="1" ind2=" ">
            <subfield code="a">horno</subfield>
        </datafield>
        <datafield tag="653" ind1="1" ind2=" ">
            <subfield code="a">plasma</subfield>
        </datafield>
        <datafield tag="653" ind1="1" ind2=" ">
            <subfield code="a">energía</subfield>
        </datafield>
        <datafield tag="653" ind1="1" ind2=" ">
            <subfield code="a">exergía</subfield>
        </datafield>
        <datafield tag="700" ind1=" " ind2=" ">
            <subfield code="a">Usón Gil, Sergio</subfield>
            <subfield code="e">dir.</subfield>
        </datafield>
        <datafield tag="700" ind1=" " ind2=" ">
            <subfield code="a">Uche Marcuello, Javier</subfield>
            <subfield code="e">dir.</subfield>
        </datafield>
        <datafield tag="710" ind1="2" ind2=" ">
            <subfield code="a">Universidad de Zaragoza</subfield>
            <subfield code="b">Ingeniería Mecánica</subfield>
            <subfield code="c">Máquinas y Motores Térmicos</subfield>
        </datafield>
        <datafield tag="856" ind1="0" ind2=" ">
            <subfield code="f">640762@celes.unizar.es</subfield>
        </datafield>
        <datafield tag="856" ind1="4" ind2=" ">
            <subfield code="s">1078765</subfield>
            <subfield code="u">http://zaguan.unizar.es/record/6498/files/TAZ-TFM-2011-075_ANE.pdf</subfield>
            <subfield code="y">Anexos (spa)</subfield>
        </datafield>
        <datafield tag="856" ind1="4" ind2=" ">
            <subfield code="s">2274261</subfield>
            <subfield code="u">http://zaguan.unizar.es/record/6498/files/TAZ-TFM-2011-075.pdf</subfield>
            <subfield code="y">Memoria (spa)</subfield>
        </datafield>
        <datafield tag="909" ind1="C" ind2="O">
            <subfield code="o">oai:zaguan.unizar.es:6498</subfield>
            <subfield code="p">trabajos-fin-master</subfield>
            <subfield code="p">driver</subfield>
        </datafield>
        <datafield tag="950" ind1=" " ind2=" ">
            <subfield code="a"></subfield>
        </datafield>
        <datafield tag="980" ind1=" " ind2=" ">
            <subfield code="a">TAZ</subfield>
            <subfield code="b">TFM</subfield>
            <subfield code="c">EUITIZ</subfield>
        </datafield>
    </record>

    
</collection>